An introduction to support vector machines and other kernel-based learning methods (Record no. 48018)

MARC details
000 -LEADER
fixed length control field 00909nam a2200229 a 4500
008 - FIXED-LENGTH DATA ELEMENTS--GENERAL INFORMATION
fixed length control field 120416s2000 ||||||||||||||||| || u
020 ## - INTERNATIONAL STANDARD BOOK NUMBER
International Standard Book Number 0521780195
050 ## - LIBRARY OF CONGRESS CALL NUMBER
Classification number QA 433 CRI
100 ## - MAIN ENTRY--PERSONAL NAME
Personal name Shawe-Taylor, John
245 13 - TITLE STATEMENT
Title An introduction to support vector machines and other kernel-based learning methods
260 ## - PUBLICATION, DISTRIBUTION, ETC.
Place of publication, distribution, etc. Cambridge
Name of publisher, distributor, etc. Cambridge University Press
Date of publication, distribution, etc. 2000
300 ## - PHYSICAL DESCRIPTION
Extent xiii, 189 p. : ill. (some col.)
350 ## - PRICE (NR) (BK AM CF MU VM SE) [OBSOLETE]
Price 0.00
650 ## - SUBJECT ADDED ENTRY--TOPICAL TERM
Topical term or geographic name entry element Kernel functions
650 ## - SUBJECT ADDED ENTRY--TOPICAL TERM
Topical term or geographic name entry element TEXTBOOKS
650 #0 - SUBJECT ADDED ENTRY--TOPICAL TERM
Topical term or geographic name entry element MATHEMATICS--HANDBOOKS, MANUALS, ETC
650 #0 - SUBJECT ADDED ENTRY--TOPICAL TERM
Topical term or geographic name entry element MACHINE LEARNING
700 ## - ADDED ENTRY--PERSONAL NAME
Personal name Cristianini, Nello
856 ## - ELECTRONIC LOCATION AND ACCESS
Uniform Resource Identifier <a href="http://www.loc.gov/catdir/toc/cam027/99054716.html">http://www.loc.gov/catdir/toc/cam027/99054716.html</a>
856 ## - ELECTRONIC LOCATION AND ACCESS
Uniform Resource Identifier <a href="http://www.loc.gov/catdir/description/cam0210/99054716.html">http://www.loc.gov/catdir/description/cam0210/99054716.html</a>
995 ## - RECOMMENDATION 995 [LOCAL, UNIMARC FRANCE]
-- 0.00
-- CBU-MAIN LIBRARY (Kitwe)
-- 1
-- 33.95
-- 1
-- AVAILABLE
-- Annex Low-Usage Collection
Holdings
Withdrawn status Lost status Source of classification or shelving scheme Damaged status Not for loan Home library Current library Shelving location Date acquired Total Checkouts Full call number Barcode Date last seen Price effective from Koha item type
          CBU-MAIN LIBRARY, KITWE. CBU-MAIN LIBRARY, KITWE.   11/30/2022   QA 433 CRI 029357 11/30/2022 11/30/2022 MONOGRAPH